000 00557nam a2200217Ia 4500
008 101110s9999 xx 000 0 und d
041 _aENGLISH
082 _bSR28684
100 _aVaz Michael
245 _aStrategic management for M.Com Part- I
260 _c2005
_bManan Prakashan, Mumbai
300 _a340
365 _b120
520 _aCommerce
546 _aENGLISH
630 _aStrategic management for M.Com Part- I
650 _aCommerce
655 _aCommerce
730 _aStrategic management for M.Com Part- I
942 _cBOOK
999 _c821211
_d821208